LEADER 00618nam a2200169 i 4500 001 000000162847 003 CaOOAMICUS 005 20090522000000.0 008 090522s1927 it u000 u ita u 013 $a140211 040 $aSeMil$bita 245 10$aGesù Cristo. 300 $a682 p. ;$c18 cm. 773 0 $aBougaud, Louis-Émile $tCristianesimo e i tempi presenti.$dTorino-Roma : Pietro Marietti, [19--?]$g2$w()21381 850 $aSeMil 852 $aSeMil$W1$xVenegono$y1$m2A II 84$j114172$B114172$CSeMilBibl$Z2$F141941 $81 996 $6245$aGesù Cristo$9(OLS)http://semarc/title/74390 LEADER 00806nam a2200229 i 4500 001 000000164952 003 CaOOAMICUS 005 20071003000000.0 008 071003s1964 it u000 u ita u 013 $a142320 040 $aSeMil$bita 100 1 $aNegro, Silvio.$0(OLS)http://semarc/name/30625 245 13$aLa stella boara /$cSilvio Negro. 260 $aVicenza :$bNeri Pozza,$c1964. 300 $a143 p. ;$c21 cm. 490 0 $aPoesia e verità ;$v1 830 0$aPoesia e verità ;$v1.$0(OLS)http://semarc/title/20660 850 $aSeMil 852 $aSeMil$W1$xVenegono$y1$m1B IV 207$j248508$B116151$CSeMilBibl$Z2$F126974 $81 961 $aRecupero: Altro 996 $6245$aLa stella boara$9(OLS)http://semarc/title/235373 996 $6260$aVicenza :$bNeri Pozza$9(OLS)http://semarc/publisher/32468